Statistics for Can you guess these animes by bad desprictions

Click here to take the quiz!

General Stats

  • This quiz has been taken 126 times
  • The average score is 8 of 22

Answer Stats

HintAnswer% Correct
Midget tries playing volleyball ends up getting shipped with the whole cast.Haikyuu!!
86%
Violin and depression.Your Lie In April
85%
Michele Jackson is ruining kid's lives.Demon Slayer
84%
"I'll take a potato chip and.... EAT IT" *dramatic music intensifies*Death Note
71%
Cute broccoli and the fandom needs to stop.My Hero Academia
61%
3 children with iq bigger than my will to live and season 2 can go suck my toes.The Promised Neverland
60%
Girl gets hit by a truck, sadly doesn't get isakaied. Proceeds to get blackmailed by homeless God.Noragami
47%
Overpowered dude wants to be normal and only cares for coffee pudding.Disastrous Life Of Saiki. K
45%
How does one lose melanin through torture?? Tokyo Ghoul
42%
WHERE IS THE FRICKING SEASON 2-No Game No Life
37%
Kidnapping pedo teacher and time travel.Erased
35%
Fujo weeb, gamer weeb, cosplayer weeb and normal weeb are all office workers.Love Is Hard For An Otaku
28%
Talking clothes make you look horny.Kill la kill
26%
Cute humans explore the only undiscovered part of the world and somehow that gets dark too.Made in abyss
25%
1000 year old vampire loves his sister but it’s not iNcEsT.Vampire knight
25%
The main character is the OG version of Eren Jaeger.Code Geass
17%
Soft boy falls for tsundere masochist.Horimiya
17%
Piano and pain and dead people and more pain. Also, its op is beautiful, I am crying.Angel Beats!
13%
A dude with a glasses fetish falls for a girl who wears glasses. Also, she is the last of her kind.Beyond The Boundary
13%
Girl says she needs no man but proceeds to need a man.Maid Sama
9%
A dude falls for a girl while falling from a wall.Snow White With Red Hair
6%
Depressed teen who's good at Japanese chess and a CUTE BABY.March Comes In Like A Loin
4%

Score Distribution

Percentile by Number Answered

Percent of People with Each Score

Your Score History

You have not taken this quiz